00692nam a2200157 a 450000100100000000500170001000800410002704000250006811101040009324500440019726000720024130000200031304900090033395201750034299900170051700003107320200930062703.0110613s1944 dr 000 0 spa d aDO-SdBNPbspacBNPHU2 aCongreso de municipios dominicanos.d(1944:cSantiago de los Caballeron2 : 20-25 de agosto)95755310aReglamento interior, agenda y programa. aCiudad Trujillo, República Dominicana :bImp. La Nación,c1944. a28 p. ;c23 cm. aBNPD 001050718RVaPDbPDcCTd2011-06-13iLF1l0o p31073-10r2020-06-25w2020-06-25y1zPerteneció a la biblioteca personal de Carlos Larrazábal Blanco.ZNo se presta c30565d30565